[Event "Provence-ch 9697"]
[Site "France"]
[Date "1997.??.??"]
[Round "9"]
[White "Barnier, Alain"]
[Black "Wildemeersch, Gerard"]
[Result "1-0"]
[WhiteElo "2070"]
[BlackElo "1970"]
[PlyCount "59"]
[EventDate "1996.??.??"]
[EventType "tourn"]
[EventRounds "9"]
[EventCountry "FRA"]
[SourceTitle "EXT 2005"]
[Source "ChessBase"]
[SourceDate "2004.11.15"]
[SourceVersion "1"]
[SourceVersionDate "2004.11.15"]
[SourceQuality "1"]

1. c4 e6 2. Nf3 d5 3. b3 Nc6 4. Bb2 Nf6 5. g3 Bd6 6. Bg2 Bd7 7. 0-0 h5 8. h4 Qe7 9. d4 b6 10. Nc3 a6 11. Re1 0-0-0 12. e4 Nxe4 13. Nxe4 dxe4 14. Ng5 f5 15. a3 Na5 16. Qc2 c6 17. b4 Nb7 18. c5 Bc7 19. Qa4 a5 20. cxb6 Bxb6 21. bxa5 Bxa5 22. Re2 Kc7 23. Rc2 Ra8 24. Qc4 Rhb8 25. d5 Nd6 26. Be5 exd5 27. Qxd5 Rb6 28. Rd1 c5 29. Rxc5+ Rc6 30. Bxd6+ 1-0

[Event "Provence-ch 9697"]
[Site "France"]
[Date "1997.??.??"]
[Round "7"]
[White "Deleau, Denis"]
[Black "Wildemeersch, Gerard"]
[Result "0-1"]
[WhiteElo "2040"]
[BlackElo "1970"]
[PlyCount "90"]
[EventDate "1996.??.??"]
[EventType "tourn"]
[EventRounds "9"]
[EventCountry "FRA"]
[SourceTitle "EXT 2005"]
[Source "ChessBase"]
[SourceDate "2004.11.15"]
[SourceVersion "1"]
[SourceVersionDate "2004.11.15"]
[SourceQuality "1"]

1. e4 e6 2. Nf3 d5 3. e5 c5 4. b4 Bd7 5. bxc5 Bxc5 6. d4 Be7 7. Bd3 Nc6 8. c3 f5 9. a4 h5 10. h4 Nh6 11. Ng5 Nf7 12. f4 Nxg5 13. hxg5 g6 14. g4 h4 15. Qe2 Na5 16. gxf5 gxf5 17. Ba3 Nb3 18. Ra2 Bxa3 19. Rxa3 Nc1 20. Qc2 Nxd3+ 21. Qxd3 Qe7 22. Ra2 Rh5 23. Rh3 0-0-0 24. Nd2 Kb8 25. Nb3 b6 26. a5 Qe8 27. axb6 Bb5 28. bxa7+ Ka8 29. Qb1 Rh7 30. Nc5 Bc4 31. Ra5 Qh5 32. Qd1 Qg4 33. Qxg4 fxg4 34. Rh1 g3 35. Rh3 Re8 36. Ra1 Ree7 37. g6 Rh6 38. Nxe6 Rxe6 39. f5 Re8 40. Kd2 g2 41. Ke3 Bf1 42. Kf2 g1Q+ 43. Kxg1 Bxh3 44. f6 Rxg6+ 45. Kf2 Be6 0-1

[Event "Provence-ch 9697"]
[Site "France"]
[Date "1997.??.??"]
[Round "4"]
[White "Wildemeersch, Gerard"]
[Black "Maruejols, Claude"]
[Result "0-1"]
[WhiteElo "1970"]
[BlackElo "2020"]
[PlyCount "50"]
[EventDate "1996.??.??"]
[EventType "tourn"]
[EventRounds "9"]
[EventCountry "FRA"]
[SourceTitle "EXT 2005"]
[Source "ChessBase"]
[SourceDate "2004.11.15"]
[SourceVersion "1"]
[SourceVersionDate "2004.11.15"]
[SourceQuality "1"]

1. e4 c5 2. Nf3 d6 3. d4 cxd4 4. Nxd4 Nf6 5. Nc3 a6 6. Bc4 e6 7. Bb3 b5 8. a3 Be7 9. Be3 0-0 10. Qe2 Bb7 11. f3 Nc6 12. Nxc6 Bxc6 13. 0-0-0 Qc7 14. g4 Nd7 15. h4 b4 16. axb4 Rfb8 17. Na2 a5 18. Kb1 Bb5 19. c4 a4 20. cxb5 axb3 21. Nc3 Nb6 22. Bxb6 Qxb6 23. Qc4 Qe3 24. Rdf1 Rc8 25. Qxb3 Qd3+ 0-1

[Event "Provence-ch 9697"]
[Site "France"]
[Date "1996.??.??"]
[Round "2"]
[White "Sebban, Jean Paul"]
[Black "Wildemeersch, Gerard"]
[Result "1-0"]
[WhiteElo "2120"]
[BlackElo "2010"]
[PlyCount "51"]
[EventDate "1996.??.??"]
[EventType "tourn"]
[EventRounds "9"]
[EventCountry "FRA"]
[SourceTitle "EXT 2005"]
[Source "ChessBase"]
[SourceDate "2004.11.15"]
[SourceVersion "1"]
[SourceVersionDate "2004.11.15"]
[SourceQuality "1"]

1. d4 Nf6 2. Nf3 g6 3. Nc3 d5 4. Bf4 Bg7 5. e3 0-0 6. Be2 Re8 7. Ne5 a6 8. h4 Nbd7 9. h5 c5 10. hxg6 hxg6 11. Qd2 cxd4 12. exd4 Nxe5 13. Bxe5 b5 14. Bd3 Be6 15. Qg5 Qd7 16. Ne2 Rec8 17. Ng3 Rc6 18. 0-0-0 b4 19. f4 Bg4 20. Rde1 Rac8 21. Kb1 Kf8 22. f5 gxf5 23. Bxf5 Bxf5 24. Nxf5 Qxf5 25. Qxf5 e6 26. Qg5 1-0

[Event "Provence-ch 9697"]
[Site "France"]
[Date "1996.??.??"]
[Round "1"]
[White "Wildemeersch, Gerard"]
[Black "Busson, Benoist"]
[Result "0-1"]
[WhiteElo "2010"]
[BlackElo "1910"]
[PlyCount "22"]
[EventDate "1996.??.??"]
[EventType "tourn"]
[EventRounds "9"]
[EventCountry "FRA"]
[SourceTitle "EXT 2005"]
[Source "ChessBase"]
[SourceDate "2004.11.15"]
[SourceVersion "1"]
[SourceVersionDate "2004.11.15"]
[SourceQuality "1"]

1. e4 d5 2. exd5 Qxd5 3. Nc3 Qa5 4. d4 e5 5. dxe5 Nc6 6. Bb5 Bd7 7. Qh5 Bb4 8. e6 Bxc3+ 9. Kf1 Bxe6 10. bxc3 Bc4+ 11. Ne2 Qxb5 0-1